000 00452nam a2200169Ia 4500
008 230711s9999||||xx |||||||||||||| ||und||
020 _a978-1-25-906112-7
041 _aENG
082 _a5.1
_bPA-M
100 _aPalm III,William J
245 2 _aA concise introduction to Matlab
250 _a1st Ed.
260 _c2008
_aNew Delhi
_bMcGraw Hill Education(India) Private Limited
300 _a418p.
650 _aElectrical Engineering
942 _cBK
999 _c6226
_d6226